000 00523nam a2200193Ia 4500
005 20250618114905.0
008 008 250516s9999 xx 000 0 eng d
020 _a9781032983516
040 _beng
_cSDCL
041 _aeng
_2eng
084 _aV2:2'P R5
245 0 _aWorking of the Indian constitution :
260 _aLondon :
_bRoutledge,
_c2025.
300 _axvii, 278p.
650 _aPolitical Science
700 _aSengupta, Arghya Ed.
_9477406
700 _aGoyol, Omita Ed.
_9809735
942 _cTEXL
_2CC
999 _c1429818
_d1429818